Juice WRLD Unreleased: Sudden Death 2 - Statistics

General Stats
  • This quiz has been taken 74 times
  • The average score is 8 of 17
Answers on the Grid
Answers color-coded by a green-red scale on the quiz's grid according to % correct below.
Hurt You
Life's a Mess
High With My Friends
Long Time Coming
Cowboy Hunt
Codeine Guzzler
Lucid Dreams
Help Me
Lean Wit Me
Two Cups
Purple Ocean
Do It
Hard Work Pays Off
No Laces
Meadows
Fine China
Realer N Realer
Late Night Thoughts
Mind Games
Sixty
Let Me Know
Fast
Conversations
Road Runners
Fire
Cursed
Wasted
Cuffed
Party By Myself
Black Out
 
Answer Stats
Answer % Correct
High With My Friends
72%
Hurt You
64%
Codeine Guzzler
62%
Cowboy Hunt
62%
Long Time Coming
59%
Help Me
51%
Purple Ocean
44%
Cursed
41%
Do It
41%
Late Night Thoughts
38%
Sixty
38%
Mind Games
36%
Road Runners
36%
No Laces
31%
Black Out
28%
Meadows
28%
Fire
26%
No matching quizzes found
Score Distribution
Percent of People with Each Score
Percentile by Number Answered
Your Score History
You have not taken this quiz